Classroom dynamics

Saved in:
Bibliographic Details
Main Author: Hadfield, Jill
Format: Book
Language:English
Published: London : Oxford university press, 1993
Series:Resource books for teachers
Subjects:
Tags: Add Tag
No Tags, Be the first to tag this record!

MARC

LEADER 00000nam a2200000 i 4500
001 1/23313
008 960712s1993 eng d
020 |a 0-19-437147-6 
035 |l 10022062 
040 |a GR-MY-UA  |b gre  |e aacr 
041 0 |a eng 
082 0 |a 428.24 
100 1 |a Hadfield, Jill. 
245 1 0 |a Classroom dynamics /  |c Jill Hadfield 
260 |a London :   |b Oxford university press,   |c 1993 
300 |a 180 p. 
490 1 |a Resource books for teachers 
500 |a Includes index 
650 0 0 |a English language  |v Textbooks for foreign speakers. 
830 0 |a Resource books for teachers 
852 |a INST  |b CHIOS  |e 19960712  |h 428.24 HAD  |p 005200002126  |q 005200002126  |t BK  |y 0 
909 |a Χ  |b 032321